American Politics General Knowledge - Statistics

General Stats
  • This quiz has been taken 3,226 times
  • The average score is 12 of 20
Answer Stats
Hint Answer % Correct
What animal represents the Republican Party? Elephant
96%
What animal represents the Democratic Party? Donkey
93%
How many total senators are there? 100
87%
Who is the current vice-president? Joe Biden
82%
What state has the most congressmen? California
78%
Who is running against Barack Obama in the 2012 election? Mitt Romney
78%
What does the GOP stand for? Grand Old Party
77%
Who was the 16th President? Abraham Lincoln
73%
Who did John Mccain choose as his running mate in 2008? Sarah Palin
66%
How many total House of Representitive congressmen are there? 441 total (435 voting, 6 non-voting)
58%
How many cabinet departments are there? 15
55%
Who is the Democratic Minority Leader? Nancy Pelosi
55%
Not very political but, what is Obama's dog's name? Bo
51%
What is the address of the White House? 1600 Pennsylvania Avenue
47%
Who is the current Chief Justice on the Supreme Court? John Roberts
46%
Who is the current, 61st Speaker of the House? John Boehner
45%
Who was the first Latino Supreme Court Justice? Sonia Sotomayor
39%
Where is the 2012 Democratic National Convention being held? Charlotte, North Carolina
17%
Where will the 2012 Republican National Convention take place? Tampa Bay, Florida
17%
As of May 2012, who is the Republican Majority Leader? Eric Cantor
13%
No matching quizzes found
Score Distribution
Percent of People with Each Score
Percentile by Number Answered
Your Score History
You have not taken this quiz